<?xml version="1.0" encoding="UTF-8"?>
<collection xmlns="http://www.loc.gov/MARC21/slim">
  <record>
    <leader>00000nam  2200000   4500</leader>
    <controlfield tag="001">INLIS000000000049908</controlfield>
    <controlfield tag="005">20250122084858</controlfield>
    <datafield tag="035" ind1="#" ind2="#">
      <subfield code="a">0010-041700000000098</subfield>
    </datafield>
    <controlfield tag="008">250122###########################0######</controlfield>
    <datafield tag="020" ind1="#" ind2="#">
      <subfield code="a">978 -302 - 7731 - 17 - 2</subfield>
    </datafield>
    <datafield tag="040" ind1="#" ind2="#">
      <subfield code="a">NBPDMAT</subfield>
    </datafield>
    <datafield tag="082" ind1="#" ind2="#">
      <subfield code="a">371.042</subfield>
    </datafield>
    <datafield tag="090" ind1="#" ind2="#">
      <subfield code="a">371.042 Yos j</subfield>
    </datafield>
    <datafield tag="100" ind1="#" ind2="#">
      <subfield code="a">Yossy Dwi Erliana</subfield>
    </datafield>
    <datafield tag="245" ind1="1" ind2="#">
      <subfield code="a">Joki kecil berhak belajar :</subfield>
      <subfield code="b">Pesan dari sekolah pinggir arena /</subfield>
      <subfield code="c">Yossy Dwi Erliana ; Ilmiyati Zain; Yuli Andari Merdikaningtyas</subfield>
    </datafield>
    <datafield tag="250" ind1="#" ind2="#">
      <subfield code="a">Ed.2</subfield>
    </datafield>
    <datafield tag="260" ind1="#" ind2="#">
      <subfield code="a">Yogyakarta :</subfield>
      <subfield code="b">Arti Bumi Intaaran,</subfield>
      <subfield code="c">2015</subfield>
    </datafield>
    <datafield tag="300" ind1="#" ind2="#">
      <subfield code="a">xx, 168 hlm. :</subfield>
      <subfield code="b">ilus. ;</subfield>
      <subfield code="c">19 cm.</subfield>
    </datafield>
    <datafield tag="500" ind1="#" ind2="#">
      <subfield code="a">Biografi : hlm 163 - 168</subfield>
    </datafield>
    <datafield tag="650" ind1="#" ind2="4">
      <subfield code="a">Sekolah , Komunitas</subfield>
    </datafield>
    <datafield tag="700" ind1=" " ind2="#">
      <subfield code="a">Ilmiyati Zain</subfield>
    </datafield>
    <datafield tag="520" ind1="#" ind2="#">
      <subfield code="a">Main jaran atau pacuan kuda merupakan permainan rakyat yang tidak bisa dipisahkan dari sejarah dan kondisi sosiologis masyarakat sumbawa. Bahkan main jaran ini telah menjadi kalender tahunan, aktor penting dalam main jaran ini adalah Joki Kecil. Mereka adalah anak-anak usia sekolah, usia yang juga membutiuhkan perhatian. Dinamika yang berlangsung dalam main jaran serta bagaimana para joki kecil itu berinteraksi selama ini belum banyak diungkap. Buku Joki Kecil Berhak Belajar, pesan dari sekolah pinggiran arena telah mencoba mengungkapkan sisi lain dari keberadaan joki kecil.&#13;
Menunggang kuda dengan kecepatan tinggi sambil kedua tangan terus memukul agar kuda berlali kencang ditengah arena pacuan kuda merupakan suatu atraksi yang mengagumkan, hal ini tentu saja hanya bisa dilakukan oleh anak-anak yang tangkas, berbakat dan berlatih. Menjadi joki kecil merupakan suatu keahlian, keterampilan dan ketangkasan yang di terima oleh alam lingkungan dan kondisi sosial budaya sumbawa.&#13;
Metode pengajaran sekolah joki kecil. Masalah pendidikan merupakan masalah yang komplek dikarenakan banyak faktor yang mempengaruhinya, salah satunya adalah metode pengajaran yang digunakan oleh guru dalam menyampaikan materi pelajaran. Sebelum mengajar, seorang pendidik harus mempertimbangkan metode apa yang tepat digunakan sehingga mampu mempengaruhi hasil belajar kearah yang lebih baik dan relevan dengan materi pelajaran yang akan disampaikan.&#13;
Beberapa metode pengajaran secara umum diantaranya :&#13;
1.	Metode ceramah yakni metode pengajaran dengan cara memberikan pengertian dan uraian suatu masalah&#13;
2.	Metode diskusi yakni metode pengajaran dimana memecahkan masalah dengan atau dari berbagai tanggapan&#13;
3.	Metode eksperimen yakni metode pengajaran yang bertujuan mencoba mengetahui proses terjadinya suatu masalah&#13;
4.	Metode demonstrasi yakni suatu metode pengajaran dengan menggunakan alat peraga untuk menjelaskan suatu masalah&#13;
5.	Metode pemberian tugas suatu metode pengajaran dengan cara memberikan tugas tertentu secara bebas dan bertanggung jawab&#13;
6.	Metode Drill yakni metode pengajaran dengan cara melatih mengukur daya serap terhadap mata pelajaran&#13;
7.	Metode kerja kelompok suatu metode pengajaran dengan cara memecahkan masalah dengan umpan balik.&#13;
Kata kunci : Joki kecil, metode pengajaran, proses pembelajaran</subfield>
    </datafield>
    <datafield tag="990" ind1="#" ind2="#">
      <subfield code="a">21604475</subfield>
    </datafield>
    <datafield tag="990" ind1="#" ind2="#">
      <subfield code="a">21604476</subfield>
    </datafield>
    <datafield tag="990" ind1="#" ind2="#">
      <subfield code="a">21604477</subfield>
    </datafield>
    <datafield tag="990" ind1="#" ind2="#">
      <subfield code="a">21604478</subfield>
    </datafield>
    <datafield tag="990" ind1="#" ind2="#">
      <subfield code="a">21604479</subfield>
    </datafield>
  </record>
</collection>
